000 00466nam a2200181Ia 4500
008 240925s9999 xx 000 0 und d
020 _a8185594589
082 _a604.24 BHA
100 _aBhatt , N.D
245 0 _aEngineering Drawing
250 _a45th
260 _aAnnand:
_bCharotar Pub. House
_c,2006.
300 _axix,830p.
_bNA
_fPhotocopy
500 _aIncludes Illustrations
600 _aElectrical Engineering
650 _aTechnology
942 _cBK
999 _c11391
_d11391